000 00671nam a2200229Ia 4500
003 GCL
008 140319s9999 xx 000 0 ara d
040 _aGCL /
_cGCL
082 0 4 _a745.6
_bح ن
100 1 _aحسن قاسم حبش البياتى
245 1 0 _aنفائس الخط العربى /
_cحسن قاسم حبش البياتى
260 _a[S.N] :
_bدار القلم للتراث ،
_c1992
300 _a307 ص
490 _a
650 0 4 _aالكتابة
650 0 4 _aالخط العربى
650 0 4 _aالخط
650 0 4 _aدراسة الخطوط
650 0 4 _aالخط الكوفى
650 0 4 _aالخط الديوانى
942 _2ddc
_cBK
999 _c35755
_d35755